|
|
|
|
| LEADER |
00000nam0a2200000 4500 |
| 001 |
215285 |
| 005 |
20231031193810.0 |
| 010 |
|
|
|a 5288003564
|
| 020 |
|
|
|a RU
|b 89-78586
|
| 035 |
|
|
|a (RuTPU)RU\TPU\book\235187
|
| 090 |
|
|
|a 215285
|
| 100 |
|
|
|a 20120507d1989 k y0rusy5003 ca
|
| 101 |
0 |
|
|a rus
|
| 102 |
|
|
|a RU
|
| 105 |
|
|
|a y z 001zy
|
| 200 |
1 |
|
|a Противоречия перестройки. Экономико-философский анализ
|e [монография]
|f В. Ф. Щербина
|g Ленинградский гидрометеорологический институт
|
| 210 |
|
|
|a Ленинград
|c Изд-во ЛГУ
|d 1989
|
| 215 |
|
|
|a 231 с.
|
| 320 |
|
|
|a Библиогр. в тексте.
|
| 610 |
1 |
|
|a социалистическое общество
|
| 610 |
1 |
|
|a перестройка
|
| 610 |
1 |
|
|a экономика
|
| 610 |
1 |
|
|a философия
|
| 610 |
1 |
|
|a социальная справедливость
|
| 610 |
1 |
|
|a экономическая справедливость
|
| 610 |
1 |
|
|a управление
|
| 610 |
1 |
|
|a творчество
|
| 610 |
1 |
|
|a собственность
|
| 610 |
1 |
|
|a самоуправление
|
| 610 |
1 |
|
|a творческие способности
|
| 610 |
1 |
|
|a справедливость
|
| 686 |
|
|
|a У9(2)0-96
|2 rubbk
|
| 700 |
|
1 |
|a Щербина
|b В. Ф.
|g Владимир Федорович
|4 070
|
| 712 |
0 |
2 |
|a Ленинградский гидрометеорологический институт
|2 stltpush
|3 (RuTPU)RU\TPU\col\8522
|
| 801 |
|
0 |
|a RU
|b RuMRKP
|c 19950417
|g psbo
|
| 801 |
|
1 |
|a RU
|b 63413507
|c 20120507
|
| 801 |
|
2 |
|a RU
|b 63413507
|c 20120531
|g RCR
|
| 942 |
|
|
|c BK
|